000 00567nam a2200241Ia 4500
003 OSt
005 20220912145710.0
006 a|||||r|||| 00| 0
007 ta
008 220909b |||||||| |||| 00| 0 eng d
024 _a73657
037 _cTextual
040 _aCSL
_beng
_cCSL
041 _aeng
082 _aD66e, J8
100 _aWood W S
245 0 _aTheory of electrical machines
260 _c1958
300 _ap.
_ccm.
650 _aElectrical engineering
942 _hD66e, J8
_cTEXL
_2CC
999 _c36549
_d36549